[Event "Codogno op-B 4th"]
[Site "Codogno"]
[Date "2012.09.22"]
[Round "2"]
[White "Nordio, Giorgio"]
[Black "Casale, Anania"]
[Result "0-1"]
[WhiteElo "1566"]
[BlackElo "1723"]
[PlyCount "120"]
[EventDate "2012.09.21"]
[EventType "swiss"]
[EventRounds "5"]
[EventCountry "ITA"]
[SourceTitle "EXT 2016"]
[Source "ChessBase"]
[SourceDate "2015.10.08"]
[SourceVersion "1"]
[SourceVersionDate "2015.10.08"]
[SourceQuality "1"]

1. d4 Nf6 2. c4 e6 3. Nc3 Bb4 4. Nf3 b6 5. Bf4 Bb7 6. e3 d6 7. Bd3 Nbd7 8. 0-0 Bxc3 9. bxc3 0-0 10. Re1 Be4 11. Bxe4 Nxe4 12. Qd3 d5 13. cxd5 exd5 14. Nd2 g5 15. Bg3 Ndf6 16. Be5 Nxd2 17. Qxd2 Ne4 18. Qd3 f6 19. f3 fxe5 20. fxe4 dxe4 21. Qxe4 exd4 22. cxd4 Qd7 23. Rf1 Rae8 24. Rxf8+ Rxf8 25. Qd3 Qf7 26. Qb3 Qxb3 27. axb3 a5 28. Rc1 Rf7 29. g3 Kf8 30. e4 Ke8 31. Rf1 Re7 32. Re1 Kd7 33. Kf2 Kc6 34. Ke3 Kb5 35. Kd3 Kb4 36. Kc2 h5 37. Re2 b5 38. Kb2 a4 39. Re3 axb3 40. Rxb3+ Kc4 41. e5 Kxd4 42. Rxb5 Rxe5 43. Rb7 Rc5 44. Rb8 Ke3 45. Rf8 Ke4 46. Rf2 Rf5 47. Rc2 c5 48. Rc4+ Kf3 49. Kb3 Kg2 50. Rc2+ Kh3 51. Kc4 Kg4 52. Kd3 Kf3 53. Kc4 Re5 54. Rc1 Re2 55. Kxc5 Rxh2 56. Rc3+ Kg4 57. Kd5 Rg2 58. Ke5 Rxg3 59. Rc4+ Kf3 60. Kf5 h4 0-1

[Event "Crema op 12th"]
[Site "Crema "]
[Date "2010.09.05"]
[Round "1"]
[White "Agnelli, Francesco"]
[Black "Casale, Anania"]
[Result "1-0"]
[WhiteElo "2044"]
[BlackElo "1732"]
[PlyCount "47"]
[EventDate "2010.09.05"]
[EventType "swiss"]
[EventRounds "6"]
[EventCountry "ITA"]
[SourceTitle "EXT 2012"]
[Source "ChessBase"]
[SourceDate "2011.11.24"]
[SourceVersion "1"]
[SourceVersionDate "2011.11.24"]
[SourceQuality "1"]

1. e4 c5 2. Nf3 e6 3. d4 cxd4 4. Nxd4 a6 5. Nc3 Nc6 6. Be3 Nf6 7. Qd2 Be7 8. f3 0-0 9. 0-0-0 b5 10. g4 h6 11. h4 Nh7 12. g5 hxg5 13. hxg5 Bxg5 14. Nxc6 dxc6 15. Bxg5 Qxg5 16. f4 Qg6 17. Bd3 f5 18. Rdg1 Qe8 19. Qh2 Nf6 20. e5 Ng4 21. Rxg4 fxg4 22. Qh7+ Kf7 23. Bg6+ Ke7 24. Bxe8 1-0

[Event "Crema op 12th"]
[Site "Crema "]
[Date "2010.09.05"]
[Round "6"]
[White "Cattaneo, Dario"]
[Black "Casale, Anania"]
[Result "0-1"]
[WhiteElo "1599"]
[BlackElo "1732"]
[PlyCount "64"]
[EventDate "2010.09.05"]
[EventType "swiss"]
[EventRounds "6"]
[EventCountry "ITA"]
[SourceTitle "EXT 2012"]
[Source "ChessBase"]
[SourceDate "2011.11.24"]
[SourceVersion "1"]
[SourceVersionDate "2011.11.24"]
[SourceQuality "1"]

1. d4 Nf6 2. Nf3 e6 3. c4 b6 4. Nc3 Bb7 5. e3 Be7 6. Be2 d5 7. b3 0-0 8. 0-0 Nbd7 9. Bb2 c5 10. Rc1 Rc8 11. cxd5 exd5 12. Bb5 a6 13. Bd3 Ne4 14. Qe2 b5 15. Nd2 Ndf6 16. f3 cxd4 17. Ncxe4 dxe4 18. Rxc8 Bxc8 19. Nxe4 dxe3 20. Nxf6+ gxf6 21. Qxe3 Re8 22. Kh1 Ba3 23. Qd2 Bxb2 24. Bxh7+ Kxh7 25. Qxb2 Qd3 26. Qf2 Kg7 27. Rc1 Bf5 28. h3 Qe3 29. Qb2 Rd8 30. Rf1 Rd2 31. Qc1 Qe2 32. Rg1 Bxh3 0-1

[Event "Milan Sport&Cultura op"]
[Site "Milan"]
[Date "2010.02.14"]
[Round "5"]
[White "Bonavoglia, Marco"]
[Black "Casale, Anania"]
[Result "1-0"]
[WhiteElo "1859"]
[BlackElo "1732"]
[PlyCount "29"]
[EventDate "2010.02.12"]
[EventType "swiss"]
[EventRounds "5"]
[EventCountry "ITA"]
[SourceTitle "EXT 2011"]
[Source "ChessBase"]
[SourceDate "2010.11.26"]
[SourceVersion "1"]
[SourceVersionDate "2010.11.26"]
[SourceQuality "1"]

1. d4 Nf6 2. Nc3 e6 3. Bg5 Be7 4. e4 d6 5. f4 e5 6. fxe5 Nxe4 7. Nxe4 Bxg5 8. Nf3 h6 9. Bd3 Bg4 10. Qe2 0-0 11. Nexg5 Qxg5 12. Qe4 f5 13. Qd5+ Kh8 14. Nxg5 hxg5 15. h4 1-0

[Event "Milan Sport&Cultura op"]
[Site "Milan"]
[Date "2010.02.13"]
[Round "2"]
[White "Ruscitto, Mauro"]
[Black "Casale, Anania"]
[Result "1/2-1/2"]
[WhiteElo "1386"]
[BlackElo "1732"]
[PlyCount "89"]
[EventDate "2010.02.12"]
[EventType "swiss"]
[EventRounds "5"]
[EventCountry "ITA"]
[SourceTitle "EXT 2011"]
[Source "ChessBase"]
[SourceDate "2010.11.26"]
[SourceVersion "1"]
[SourceVersionDate "2010.11.26"]
[SourceQuality "1"]

1. d4 Nf6 2. c4 e6 3. Nc3 Bb4 4. Qc2 b6 5. Bg5 Bb7 6. f3 h6 7. Bh4 Nc6 8. Rd1 d5 9. cxd5 exd5 10. e3 Qe7 11. a3 Qxe3+ 12. Nge2 Bxc3+ 13. bxc3 Qe6 14. Kf2 0-0 15. Nc1 Rfe8 16. Qd2 Qf5 17. Bxf6 Qxf6 18. Bd3 Na5 19. Rhe1 c5 20. Bb5 Rxe1 21. Rxe1 a6 22. Bd3 cxd4 23. Qe2 g6 24. cxd4 Qxd4+ 25. Kf1 Bc6 26. Bxa6 Re8 27. Qf2 Qxf2+ 28. Kxf2 Rxe1 29. Kxe1 b5 30. Nd3 Nc4 31. Nb4 Ba8 32. Bxb5 Nxa3 33. Bd3 Kg7 34. Kf2 Kf6 35. Ke3 Ke6 36. Kd4 f5 37. g3 Nc4 38. Nxd5 Bxd5 39. Bxc4 Bxc4 40. Kxc4 Ke5 41. Kd3 g5 42. h3 h5 43. Ke3 f4+ 44. gxf4+ gxf4+ 45. Kd3 1/2-1/2

[Event "Milan Sport&Cultura op"]
[Site "Milan"]
[Date "2010.02.12"]
[Round "1"]
[White "Casale, Anania"]
[Black "Ranfagni, Stefano"]
[Result "0-1"]
[WhiteElo "1732"]
[BlackElo "2007"]
[PlyCount "104"]
[EventDate "2010.02.12"]
[EventType "swiss"]
[EventRounds "5"]
[EventCountry "ITA"]
[SourceTitle "EXT 2011"]
[Source "ChessBase"]
[SourceDate "2010.11.26"]
[SourceVersion "1"]
[SourceVersionDate "2010.11.26"]
[SourceQuality "1"]

1. d4 e6 2. c4 f5 3. g3 Nf6 4. Bg2 Be7 5. Nf3 0-0 6. 0-0 d5 7. b3 c6 8. Bb2 Qe8 9. Nbd2 Nbd7 10. Rc1 Ne4 11. Ne5 Nxe5 12. dxe5 Bd7 13. e3 Rc8 14. Nxe4 fxe4 15. f3 exf3 16. Rxf3 Qg6 17. Rxf8+ Rxf8 18. e4 Bc5+ 19. Bd4 Ba3 20. Rc2 c5 21. Bb2 Bxb2 22. Rxb2 d4 23. b4 b6 24. bxc5 bxc5 25. Rf2 Rxf2 26. Kxf2 Qg5 27. Qd3 Qxe5 28. Qa3 Qc7 29. Bh3 Qb6 30. Ke2 a5 31. Kd3 Qb1+ 32. Kd2 Qxe4 33. Qxa5 Qe3+ 34. Kc2 Qe2+ 35. Kb3 Qf3+ 36. Kb2 Qb7+ 37. Kc2 Qc6 38. Kd2 Kf7 39. Qa3 Qb6 40. Qf3+ Ke7 41. Qa3 Qb4+ 42. Qxb4 cxb4 43. Bg2 Kd6 44. Be4 h6 45. Kd3 Kc5 46. Bg6 Bc6 47. Bf7 e5 48. h4 Bg2 49. g4 Bf1+ 50. Ke4 Bxc4 51. Bg6 Kd6 52. Kf3 Bxa2 0-1

[Event "Crema op 11th"]
[Site "Crema"]
[Date "2009.09.06"]
[Round "6"]
[White "Scarabelli, Maurizio"]
[Black "Casale, Anania"]
[Result "1/2-1/2"]
[WhiteElo "1889"]
[BlackElo "1694"]
[PlyCount "60"]
[EventDate "2009.09.04"]
[EventType "swiss"]
[EventRounds "6"]
[EventCountry "ITA"]
[SourceTitle "EXT 2011"]
[Source "ChessBase"]
[SourceDate "2010.11.26"]
[SourceVersion "1"]
[SourceVersionDate "2010.11.26"]
[SourceQuality "1"]

1. e4 c5 2. Nf3 e6 3. d4 cxd4 4. Nxd4 a6 5. Nc3 Nc6 6. Be3 Qc7 7. Qd2 Nf6 8. f3 Be7 9. 0-0-0 b5 10. g4 d6 11. h4 Nxd4 12. Bxd4 e5 13. Be3 Be6 14. Nd5 Bxd5 15. exd5 Rc8 16. Rh2 0-0 17. h5 Nd7 18. g5 f5 19. gxf6 Bxf6 20. h6 Nc5 21. Bh3 Rcd8 22. Bxc5 Qxc5 23. Be6+ Kh8 24. hxg7+ Bxg7 25. Rxh7+ Kxh7 26. Qd3+ Kh6 27. f4 Rxf4 28. Qg3 Kh7 29. Rg1 Qxg1+ 30. Qxg1 Rdf8 1/2-1/2

[Event "Milan Crespi op-B 29th"]
[Site "Milan"]
[Date "2008.12.07"]
[Round "5"]
[White "Casale, Anania"]
[Black "Oteri, Aldo"]
[Result "0-1"]
[WhiteElo "1744"]
[BlackElo "1831"]
[PlyCount "78"]
[EventDate "2008.12.05"]
[EventType "swiss"]
[EventRounds "7"]
[EventCountry "ITA"]
[SourceTitle "EXT 2010"]
[Source "ChessBase"]
[SourceDate "2010.11.25"]
[SourceVersion "1"]
[SourceVersionDate "2010.11.25"]
[SourceQuality "1"]

1. d4 Nf6 2. c4 c5 3. d5 d6 4. Nc3 e6 5. e4 exd5 6. exd5 Qe7+ 7. Qe2 Bg4 8. Qxe7+ Bxe7 9. Nb5 Na6 10. Bf4 Kd7 11. f3 Bf5 12. g4 Nxg4 13. fxg4 Be4 14. Bh3 g5 15. Bd2 Bxh1 16. 0-0-0 Nc7 17. Nc3 b5 18. Rf1 b4 19. Nce2 Be4 20. Rxf7 Raf8 21. Rg7 Ne8 22. Rxe7+ Kxe7 23. Bxg5+ Kd7 24. Nf4 h6 25. Bxh6 Rxh6 26. g5+ Rxh3 27. Ngxh3 Ng7 28. Kd2 Rh8 29. g6 Bxg6 30. Ng5 Rxh2+ 31. Ke3 Bf5 32. b3 Rxa2 33. Ne2 Bc2 34. Nf4 Bxb3 35. Ng6 Bxc4 36. Nf8+ Ke8 37. Ke4 Kxf8 38. Nh7+ Ke7 39. Ng5 b3 0-1

[Event "Milan Crespi op-B 29th"]
[Site "Milan"]
[Date "2008.12.06"]
[Round "3"]
[White "Delledonne, Francesco"]
[Black "Casale, Anania"]
[Result "1/2-1/2"]
[WhiteElo "1938"]
[BlackElo "1744"]
[PlyCount "44"]
[EventDate "2008.12.05"]
[EventType "swiss"]
[EventRounds "7"]
[EventCountry "ITA"]
[SourceTitle "EXT 2010"]
[Source "ChessBase"]
[SourceDate "2010.11.25"]
[SourceVersion "1"]
[SourceVersionDate "2010.11.25"]
[SourceQuality "1"]

1. d4 Nf6 2. c4 e6 3. Nf3 b6 4. a3 Bb7 5. Nc3 d5 6. cxd5 exd5 7. Bg5 Be7 8. e3 0-0 9. Bd3 Nbd7 10. 0-0 a6 11. Rc1 c5 12. Bb1 Ne4 13. Bf4 Ndf6 14. h3 h6 15. Ne2 Rc8 16. Bh2 c4 17. Ng3 Bd6 18. Nxe4 Bxh2+ 19. Kxh2 Nxe4 20. Ne5 Qd6 21. Kg1 f5 22. f4 c3 1/2-1/2

[Event "Milan Crespi op-B 29th"]
[Site "Milan"]
[Date "2008.12.04"]
[Round "1"]
[White "Landais, Federico"]
[Black "Casale, Anania"]
[Result "1/2-1/2"]
[WhiteElo "1888"]
[BlackElo "1744"]
[PlyCount "77"]
[EventDate "2008.12.05"]
[EventType "swiss"]
[EventRounds "7"]
[EventCountry "ITA"]
[SourceTitle "EXT 2010"]
[Source "ChessBase"]
[SourceDate "2010.11.25"]
[SourceVersion "1"]
[SourceVersionDate "2010.11.25"]
[SourceQuality "1"]

1. e4 c5 2. Nf3 e6 3. Nc3 a6 4. g3 Nc6 5. Bg2 Qc7 6. 0-0 Nf6 7. Re1 d6 8. a4 Be7 9. d4 cxd4 10. Nxd4 Nxd4 11. Qxd4 e5 12. Qd3 0-0 13. Bg5 Be6 14. Red1 Rfd8 15. a5 b5 16. axb6 Qxb6 17. Be3 Qc6 18. Ra4 Rdc8 19. Bf1 Qb7 20. Rxa6 Bc4 21. Rxa8 Bxd3 22. Rxc8+ Qxc8 23. Rxd3 h6 24. h3 Qc6 25. Bg2 Qa6 26. Rd1 Bd8 27. Kh2 Qc6 28. f3 Ba5 29. Nd5 Qxc2 30. Nxf6+ gxf6 31. Rxd6 Kg7 32. Rd5 Be1 33. Bc5 Qxb2 34. h4 Bf2 35. Bxf2 Qxf2 36. h5 Qe3 37. g4 Qf4+ 38. Kh3 f5 39. exf5 1/2-1/2

[Event "Chioggia op-B 03rd"]
[Site "Chioggia"]
[Date "2008.10.12"]
[Round "4"]
[White "Campagnola, Giacomo"]
[Black "Casale, Anania"]
[Result "1-0"]
[WhiteElo "1659"]
[BlackElo "1744"]
[PlyCount "137"]
[EventDate "2008.10.10"]
[EventType "swiss"]
[EventRounds "5"]
[EventCountry "ITA"]
[SourceTitle "EXT 2022"]
[Source "ChessBase"]
[SourceDate "2021.10.06"]
[SourceVersion "1"]
[SourceVersionDate "2021.10.06"]
[SourceQuality "1"]

1. e4 c5 2. Nc3 Nc6 3. g3 Nf6 4. Bg2 d6 5. f4 e5 6. f5 a6 7. Nf3 Be7 8. d3 b5 9. 0-0 h6 10. h3 b4 11. Nd5 Nxd5 12. exd5 Nb8 13. c3 Bxf5 14. Nxe5 Bg6 15. Nxg6 fxg6 16. cxb4 cxb4 17. Qa4+ Nd7 18. Qxb4 Qb6+ 19. Qxb6 Nxb6 20. Be3 Rb8 21. Rae1 Kd7 22. b3 Bf6 23. Rf2 Rhe8 24. Rfe2 Bc3 25. Rf1 Bf6 26. Be4 Re7 27. Rfe1 Na8 28. Bxg6 Rf8 29. Bf4 Rxe2 30. Rxe2 Bd4+ 31. Kg2 Rf6 32. Be8+ Kd8 33. h4 Nc7 34. Bc6 Bc5 35. Bd2 Kc8 36. Be3 Bb4 37. Rf2 Rxf2+ 38. Kxf2 a5 39. Bd4 g5 40. hxg5 hxg5 41. Be3 g4 42. Bf4 Na6 43. d4 Ba3 44. Bd2 Nb4 45. Ke3 Nc2+ 46. Kf4 Nxd4 47. Bxa5 Bb2 48. Kxg4 Ne2 49. Kf3 Nc1 50. g4 Nxa2 51. Bb5 Nc3 52. Bc4 Nd1 53. Ke4 Bg7 54. g5 Nf2+ 55. Kf5 Kb7 56. Kg6 Be5 57. Kf7 Ng4 58. Bb4 Kc8 59. g6 Nh6+ 60. Kf8 Nf5 61. Bd3 Ng7 62. Bd2 Kd7 63. Bh6 Ne8 64. Bf5+ Kd8 65. Bg5+ Bf6 66. Bxf6+ Nxf6 67. g7 Ne8 68. g8Q Ng7 69. Kxg7+ 1-0

[Event "Crema op 10th"]
[Site "Crema"]
[Date "2008.09.07"]
[Round "5"]
[White "Casale, Anania"]
[Black "Cautiero, Pietro"]
[Result "1-0"]
[WhiteElo "1743"]
[BlackElo "1900"]
[PlyCount "83"]
[EventDate "2008.09.05"]
[EventType "swiss"]
[EventRounds "6"]
[EventCountry "ITA"]
[SourceTitle "EXT 2011"]
[Source "ChessBase"]
[SourceDate "2010.11.26"]
[SourceVersion "1"]
[SourceVersionDate "2010.11.26"]
[SourceQuality "1"]

1. d4 a6 2. c4 e6 3. Nc3 d5 4. Nf3 Nf6 5. Bg5 Be7 6. e3 0-0 7. Bd3 dxc4 8. Bxc4 b5 9. Bd3 Bb7 10. a3 Nbd7 11. 0-0 h6 12. Bf4 c5 13. dxc5 Nxc5 14. Bc2 Qb6 15. Qe2 Nce4 16. Nxe4 Nxe4 17. Be5 Rac8 18. Rac1 Bd5 19. b4 Qb7 20. Bxe4 Bxe4 21. Nd4 Bxg2 22. Qg4 f6 23. Nxe6 Rf7 24. Qxg2 Qxg2+ 25. Kxg2 Rxc1 26. Rxc1 fxe5 27. Rc6 Bh4 28. f3 Ra7 29. Rc7 Rxc7 30. Nxc7 Kf7 31. Nxa6 Bd8 32. Kg3 Bb6 33. Nc5 Ke7 34. Kg4 g6 35. h4 Kd6 36. h5 gxh5+ 37. Kxh5 Bxc5 38. bxc5+ Kxc5 39. f4 Kd6 40. Kxh6 Ke6 41. Kg5 e4 42. Kg6 1-0

[Event "Crema op 10th"]
[Site "Crema"]
[Date "2008.09.06"]
[Round "4"]
[White "Folcini, Gaddo"]
[Black "Casale, Anania"]
[Result "0-1"]
[WhiteElo "1516"]
[BlackElo "1743"]
[PlyCount "84"]
[EventDate "2008.09.05"]
[EventType "swiss"]
[EventRounds "6"]
[EventCountry "ITA"]
[SourceTitle "EXT 2011"]
[Source "ChessBase"]
[SourceDate "2010.11.26"]
[SourceVersion "1"]
[SourceVersionDate "2010.11.26"]
[SourceQuality "1"]

1. e4 c5 2. f4 d5 3. e5 Bf5 4. Nf3 e6 5. Bb5+ Nc6 6. 0-0 Qb6 7. Bxc6+ Qxc6 8. d4 cxd4 9. Kh1 Bxc2 10. Qe1 Bc5 11. Na3 d3 12. Nxc2 dxc2 13. Qe2 Bb6 14. Bd2 Rd8 15. Rfc1 Nh6 16. Be1 Rc8 17. Bc3 Nf5 18. Rxc2 Ne3 19. Nd4 Bxd4 20. Bxd4 Nxc2 21. Rc1 0-0 22. Bc3 Nb4 23. h4 Nxa2 24. Rc2 Nxc3 25. Rxc3 Qa6 26. Qg4 Rxc3 27. bxc3 Qd3 28. h5 Qf5 29. Qf3 f6 30. h6 Qg6 31. hxg7 Qxg7 32. Qh3 fxe5 33. Qxe6+ Qf7 34. Qxe5 Qxf4 35. Qxd5+ Rf7 36. Qb3 Kg7 37. Qb2 Qe4 38. c4+ Kg6 39. Qc1 Qh4+ 40. Kg1 Qf2+ 41. Kh2 Qf4+ 42. Kg1 Qxc1+ 0-1

[Event "Noale Szabados Memorial-B 1st"]
[Site "Noale"]
[Date "2008.02.09"]
[Round "3"]
[White "Tomio, Dante"]
[Black "Casale, Anania"]
[Result "1-0"]
[WhiteElo "1947"]
[BlackElo "1739"]
[PlyCount "75"]
[EventDate "2008.02.08"]
[EventType "swiss"]
[EventRounds "5"]
[EventCountry "ITA"]
[SourceTitle "EXT 2022"]
[Source "ChessBase"]
[SourceDate "2021.10.06"]
[SourceVersion "1"]
[SourceVersionDate "2021.10.06"]
[SourceQuality "1"]

1. d4 Nf6 2. Nf3 e6 3. Bg5 Be7 4. Nbd2 d5 5. e3 0-0 6. Bd3 h6 7. Bf4 c5 8. c3 Nbd7 9. Ne5 Nxe5 10. dxe5 Nd7 11. h4 f6 12. Qg4 f5 13. Qg6 Qe8 14. Qxe6+ Qf7 15. Qxf7+ Kxf7 16. Nf3 Kg8 17. 0-0-0 Nb6 18. h5 Be6 19. Rdg1 Rad8 20. Nh4 Bxh4 21. Rxh4 d4 22. exd4 cxd4 23. Bc2 dxc3 24. bxc3 Bxa2 25. g4 fxg4 26. Rhxg4 Rd7 27. Bxh6 Rxf2 28. Rxg7+ Rxg7 29. Rxg7+ Kh8 30. Rxb7 Rf1+ 31. Kb2 Bd5 32. Rb8+ Bg8 33. Bb3 Rf2+ 34. Ka3 Rg2 35. e6 Kh7 36. e7 Nc4+ 37. Bxc4 Bxc4 38. e8Q 1-0

[Event "Crema op 09th"]
[Site "Crema"]
[Date "2007.09.08"]
[Round "3"]
[White "Mora, Lorenzo"]
[Black "Casale, Anania"]
[Result "1-0"]
[WhiteElo "1920"]
[BlackElo "1703"]
[PlyCount "45"]
[EventDate "2007.09.07"]
[EventType "swiss"]
[EventRounds "6"]
[EventCountry "ITA"]
[SourceTitle "EXT 2009"]
[Source "ChessBase"]
[SourceDate "2008.11.26"]
[SourceVersion "1"]
[SourceVersionDate "2008.11.26"]
[SourceQuality "1"]

1. e4 c5 2. Nf3 e6 3. d3 Nc6 4. g3 d5 5. Nbd2 dxe4 6. dxe4 Qc7 7. Bg2 Nf6 8. 0-0 b5 9. Qe2 c4 10. a4 Ba6 11. Re1 e5 12. b3 Nb4 13. axb5 Nxc2 14. Rxa6 Nxe1 15. Nxe1 Bc5 16. Rc6 Qe7 17. Nxc4 0-0 18. Nd3 Bd4 19. Ba3 Qb7 20. Nd6 Qd7 21. Nf5 Rfb8 22. Rxf6 gxf6 23. Qg4+ 1-0

[Event "Rome Accademia op"]
[Site "Rome"]
[Date "2007.02.03"]
[Round "3"]
[White "Casale, Anania"]
[Black "De Carolis, Massimo"]
[Result "1/2-1/2"]
[WhiteElo "1724"]
[BlackElo "2015"]
[PlyCount "89"]
[EventDate "2007.02.02"]
[EventType "swiss"]
[EventRounds "5"]
[EventCountry "ITA"]
[SourceTitle "EXT 2008"]
[Source "ChessBase"]
[SourceDate "2007.11.25"]
[SourceVersion "1"]
[SourceVersionDate "2007.11.25"]
[SourceQuality "1"]

1. d4 Nf6 2. c4 g6 3. Nc3 Bg7 4. e4 d6 5. f3 0-0 6. Be3 e5 7. d5 Nh5 8. Qd2 f5 9. Bg5 Bf6 10. Bxf6 Qxf6 11. 0-0-0 f4 12. Be2 Na6 13. Nb5 Rd8 14. Qe1 c6 15. dxc6 bxc6 16. Nc3 Be6 17. g4 Ng7 18. h4 Qf7 19. b3 Nc7 20. Nh3 h6 21. Qf2 d5 22. exd5 cxd5 23. Ng5 hxg5 24. hxg5 Qe7 25. Qh4 Qa3+ 26. Kc2 d4 27. Qh7+ Kf7 28. Bd3 Qf8 29. Qxg6+ Ke7 30. Rh7 Nce8 31. Bf5 Qf7 32. Nd5+ Bxd5 33. cxd5 Qxg6 34. Bxg6 Kd6 35. Be4 Rac8+ 36. Kb2 Rc7 37. Rc1 Rxc1 38. Kxc1 Rd7 39. Rh6+ Kc5 40. Rc6+ Kb4 41. Kb2 Rd6 42. a3+ Ka5 43. b4+ Ka4 44. Bc2+ Kb5 45. Bd3+ 1/2-1/2

[Event "Rome Accademia op"]
[Site "Rome"]
[Date "2007.02.02"]
[Round "1"]
[White "Taglialatela, Massimiliano"]
[Black "Casale, Anania"]
[Result "1-0"]
[WhiteElo "2011"]
[BlackElo "1724"]
[PlyCount "79"]
[EventDate "2007.02.02"]
[EventType "swiss"]
[EventRounds "5"]
[EventCountry "ITA"]
[SourceTitle "EXT 2008"]
[Source "ChessBase"]
[SourceDate "2007.11.25"]
[SourceVersion "1"]
[SourceVersionDate "2007.11.25"]
[SourceQuality "1"]

1. e4 c6 2. d4 d5 3. Nd2 dxe4 4. Nxe4 Nd7 5. Nf3 Ndf6 6. Ng3 e6 7. Bd3 Bd6 8. Qe2 Ne7 9. c3 h6 10. Ne5 0-0 11. 0-0 Qc7 12. Nh5 Nxh5 13. Qxh5 Nf5 14. Re1 Bd7 15. g4 Bxe5 16. dxe5 Ne7 17. Bxh6 f5 18. exf6 Rxf6 19. Bg5 g6 20. Qh4 Rf7 21. Bxe7 Rh7 22. Qg3 Qxg3+ 23. fxg3 Rxe7 24. Bxg6 e5 25. Re4 Rf8 26. Rf1 c5 27. Rxf8+ Kxf8 28. Bf5 Bc6 29. Re2 e4 30. Kf2 Kg7 31. Ke3 Re8 32. h4 Kf6 33. Kf4 Rd8 34. Bxe4 Bxe4 35. Kxe4 c4 36. g5+ Kg6 37. g4 Rd3 38. Kf4 a5 39. Re7 b5 40. h5# 1-0